| 000 | 00711nam a22002417a 4500 | ||
|---|---|---|---|
| 003 | OSt | ||
| 005 | 20220924113706.0 | ||
| 006 | a|||||r|||| 00| 0 | ||
| 007 | ta | ||
| 008 | Pun | ||
| 024 | _a235335 | ||
| 037 | _cGeneral Books | ||
| 040 |
_aARTS _cARTS _bPun |
||
| 041 |
_2Pun _aPun |
||
| 082 | _aG:6, 153J2 | ||
| 100 |
_aਮਾਨ, ਅਰਜਨ ਸਿੰਘ _9170399 |
||
| 245 | 0 | _aਤੁਹਾਡੀ ਅੰਸ ਤੇ ਵੰਸ | |
| 260 |
_aFਿਲਾਜ਼ਗ _b ਅਰਜਨ ਸਿੰਘ ਮਾਨ _c1952 |
||
| 300 | _a338ਪੰ | ||
| 650 |
_aਜੀਵ ਵਿਿਗਆਨ _9170400 |
||
| 942 |
_hG:6, 153J2 _cGB _2CC |
||
| 999 |
_c390480 _d390480 |
||